Statistics for 15 Largest Cities in Europe (with a map)

Click here to take the quiz!

General Stats

  • This quiz has been taken 77,276 times
    (43,347 since last reset)
  • The average score is 12 of 13

Answers on the Map

Answers color-coded by a green-red scale on the quiz's map according to % correct below.
Loading ...
 

Answer Stats

Population City % Correct
14.8 milLondon
100%
11.4 milParis
100%
3.58 milRome
99%
17.3 milMoscow
98%
6.55 milMadrid
98%
4.73 milBerlin
98%
4.78 milBarcelona
96%
3.35 milAthens
95%
16.0 milIstanbul
92%
5.65 milSaint Petersburg
90%
6.20 milMilan
89%
3.48 milKiev
89%
4.23 milNaples
82%

Score Distribution

Percentile by Number Answered

Percent of People with Each Score

Your Score History

You have not taken this quiz since the last reset